|
|
|
|
| LEADER |
01051nam a22003012a 4500 |
| 001 |
000196111 |
| 003 |
CZ BrMZK |
| 005 |
20080306092518.0 |
| 007 |
ta |
| 008 |
970103s1991 xr f cze d |
| 015 |
|
|
|a cnb000063794
|
| 020 |
|
|
|a 80-7078-096-7
|
| 035 |
|
|
|a (OCoLC)39600326
|
| 040 |
|
|
|a BOA001
|b cze
|
| 080 |
9 |
|
|a 53(075.8)
|
| 100 |
1 |
|
|a Kopečný, Jan,
|d 1942-
|7 jn20001005740
|4 aut
|
| 245 |
1 |
0 |
|a Fyzika II /
|c Jan Kopečný
|
| 250 |
|
|
|a 1. vyd.
|
| 260 |
|
|
|a Ostrava :
|b Vysoká škola báňská,
|c 1991
|
| 300 |
|
|
|a 354 s.
|
| 490 |
1 |
|
|a Učební texty vysokých škol
|
| 504 |
|
|
|a Obsahuje bibliografii
|
| 810 |
2 |
|
|a Vysoká škola báňská v Ostravě.
|b Strojní a elektrotechnická fakulta.
|t Učební texty
|
| 910 |
|
|
|a BOA001
|b TK-A-0248.119
|b 4-0971.132
|
| 964 |
|
|
|a Fyzika - učebnice - vysoké školy
|
| 990 |
|
|
|a BK
|
| 996 |
7 |
|
|b 2629992208
|c TK-A-0248.119
|l MZK
|r Sklad / do 24 hodin
|n 4
|w 000196111
|u 000010
|a 1
|e BOA001
|j MZK50
|s A
|
| 996 |
6 |
|
|b BC-560389
|c 4-0971.132
|l MZK
|r Sklad / do 1 hodiny
|n 0
|w 000196111
|u 000030
|a 1
|e BOA001
|j MZK50
|s P
|